| Tag |
First Indicator |
Second Indicator |
Subfields |
| LEADER |
00000cam a2200000 4500 |
| 001 |
in00000022258 |
| 005 |
20151007063925.0 |
| 008 |
720526s1965 fr b 00000 fre u |
| 010 |
|
|
|a 66077455
|
| 035 |
|
|
|a (OCoLC)00318641
|
| 035 |
|
|
|9 AAD8607AM
|
| 040 |
|
|
|c CWR
|d TXA
|d UtOrBLW
|
| 049 |
|
|
|a TXAM
|c [461386]
|
| 050 |
|
0 |
|a PQ2605.A3734
|b E853
|
| 092 |
|
|
|a 843
|b C211Yc
|
| 100 |
1 |
|
|a Castex, Pierre Georges,
|d 1915-
|
| 245 |
1 |
0 |
|a Albert Camus et "l'Etranger."
|
| 264 |
|
1 |
|a Paris :
|b J. Corti,
|c [1965]
|
| 300 |
|
|
|a 126 pages ;
|c 23 cm.
|
| 336 |
|
|
|a text
|b txt
|2 rdacontent
|
| 337 |
|
|
|a unmediated
|b n
|2 rdamedia
|
| 338 |
|
|
|a volume
|b nc
|2 rdacarrier
|
| 504 |
|
|
|a Bibliography: pages [125]-126. Bibliographical footnotes.
|
| 600 |
1 |
0 |
|a Camus, Albert,
|d 1913-1960.
|t L'étranger.
|
| 999 |
|
|
|a MARS
|
| 999 |
f |
f |
|s 230df4c3-1c2d-312a-81b4-dbec42935b40
|i ce79ed00-bc98-3f13-afa3-f9f79b73495d
|t 0
|
| 952 |
f |
f |
|p normal
|a Texas A&M University
|b College Station
|c Sterling C. Evans Library
|s Evans stk
|d Evans: Library Stacks
|t 0
|e PQ2605.A3734 E853
|h Library of Congress classification
|i unmediated -- volume
|m A14801367923
|
| 998 |
f |
f |
|a PQ2605.A3734 E853
|t 0
|l Evans: Library Stacks
|